000 00713nam a2200241Ia 4500
003 OSt
005 20220923225057.0
006 a|||||r|||| 00| 0
007 ta
008 220922b |||||||| |||| 00| 0 hin d
024 _a256,456
037 _cTextual
040 _aARTS
_cARTS
_bhin
041 _2hin
_ahin
082 _aP151,9, 152M2.1
100 _aजैन, प्रेम सुमन
245 0 _aप्राकृत स्वयं शिक्षक
246 _aPrākṛut svayan shikṣhaka
260 _c1982
650 _aहिन्दी भाषा
942 _hP151,9, 152M2.1
_cTEXL
_2CC
999 _c375880
_d375880